| 000 | 00475 a2200133 4500 | ||
|---|---|---|---|
| 245 | _aHormones and Cell Regulation = Hormones et régulation cellulaire 2 Procedings of the 12 th I.N.S.E.R.M. European Symposium on Hormones and Cell Regulation, held at Mont Sainte - Odile, october 1987 | ||
| 100 | _aNunez, J. | ||
| 700 | _aDumont, J. E. | ||
| 700 | _aCarafoli, E. | ||
| 260 | _c1987 | ||
| 300 | _aXVIII-237 p. | ||
| 999 |
_c16707 _d16707 |
||